Wireless Security / (Record no. 11140)
[ view plain ]
| 000 -LEADER | |
|---|---|
| fixed length control field | 01549cam a2200433 a 4500 |
| 001 - CONTROL NUMBER | |
| control field | 15480707 |
| 005 - DATE AND TIME OF LATEST TRANSACTION | |
| control field | 20201128020720.0 |
| 008 - FIXED-LENGTH DATA ELEMENTS--GENERAL INFORMATION | |
| fixed length control field | 081008s2009 ne a bf 001 0 eng d |
| 010 ## - LIBRARY OF CONGRESS CONTROL NUMBER | |
| LC control number | 2008300585 |
| 015 ## - NATIONAL BIBLIOGRAPHY NUMBER | |
| National bibliography number | GBA894486 |
| Source | bnb |
| 016 7# - NATIONAL BIBLIOGRAPHIC AGENCY CONTROL NUMBER | |
| Record control number | 014680969 |
| Source | Uk |
| 020 ## - INTERNATIONAL STANDARD BOOK NUMBER | |
| International Standard Book Number | 9781856175296 (pbk.) |
| 020 ## - INTERNATIONAL STANDARD BOOK NUMBER | |
| International Standard Book Number | 1856175294 (pbk.) |
| 035 ## - SYSTEM CONTROL NUMBER | |
| System control number | (OCoLC)ocn213839541 |
| 040 ## - CATALOGING SOURCE | |
| Original cataloging agency | UKM |
| Transcribing agency | UKM |
| Modifying agency | BTCTA |
| -- | BAKER |
| -- | YDXCP |
| -- | BWX |
| -- | OCLCQ |
| -- | CDX |
| -- | DLC |
| 042 ## - AUTHENTICATION CODE | |
| Authentication code | lccopycat |
| 050 00 - LIBRARY OF CONGRESS CALL NUMBER | |
| Classification number | TK5103.2 |
| Item number | .W57413 2009 |
| 082 00 - DEWEY DECIMAL CLASSIFICATION NUMBER | |
| Classification number | 621.384 |
| Edition number | 22 |
| Item number | CHA |
| 245 00 - TITLE STATEMENT | |
| Title | Wireless Security / |
| Statement of responsibility, etc | Praphul Chandra ... [et al.]. |
| 260 ## - PUBLICATION, DISTRIBUTION, ETC. (IMPRINT) | |
| Place of publication, distribution, etc | Amsterdam ; |
| -- | Boston : |
| Name of publisher, distributor, etc | Newnes/Elsevier, |
| Date of publication, distribution, etc | c2009. |
| 300 ## - PHYSICAL DESCRIPTION | |
| Extent | xvi, 726 p. : |
| Other physical details | ill. ; |
| Dimensions | 24 cm. |
| 440 #4 - | |
| -- | The Newnes know it all series |
| -- | 2939 |
| 504 ## - BIBLIOGRAPHY, ETC. NOTE | |
| Bibliography, etc | Includes bibliographical references and index. |
| 650 #0 - SUBJECT ADDED ENTRY--TOPICAL TERM | |
| Topical term or geographic name as entry element | Wireless communication systems |
| General subdivision | Security measures |
| Form subdivision | Handbooks, manuals, etc. |
| 9 (RLIN) | 2940 |
| 650 #0 - SUBJECT ADDED ENTRY--TOPICAL TERM | |
| Topical term or geographic name as entry element | Mobile communication systems |
| General subdivision | Security measures |
| Form subdivision | Handbooks, manuals, etc. |
| 9 (RLIN) | 2941 |
| 700 1# - ADDED ENTRY--PERSONAL NAME | |
| Personal name | Chandra, Praphul. |
| 9 (RLIN) | 2942 |
| 700 1# - ADDED ENTRY--PERSONAL NAME | |
| Personal name | Bensky, Alan |
| 9 (RLIN) | 2917 |
| 700 1# - ADDED ENTRY--PERSONAL NAME | |
| Personal name | Bradley, Tony |
| 9 (RLIN) | 2918 |
| 700 1# - ADDED ENTRY--PERSONAL NAME | |
| Personal name | Hurley, Chris |
| 9 (RLIN) | 1960 |
| 700 1# - ADDED ENTRY--PERSONAL NAME | |
| Personal name | Rackley, Steve |
| 9 (RLIN) | 2928 |
| 700 1# - ADDED ENTRY--PERSONAL NAME | |
| Personal name | Rittinghouse, John |
| 9 (RLIN) | 2929 |
| 700 1# - ADDED ENTRY--PERSONAL NAME | |
| Personal name | Ransome, James F. |
| 9 (RLIN) | 2930 |
| 700 1# - ADDED ENTRY--PERSONAL NAME | |
| Personal name | Stapko, Timothy |
| 9 (RLIN) | 2931 |
| 700 1# - ADDED ENTRY--PERSONAL NAME | |
| Personal name | Stefanek, George L. |
| 9 (RLIN) | 2932 |
| 700 1# - ADDED ENTRY--PERSONAL NAME | |
| Personal name | Thornton, Frank |
| 9 (RLIN) | 2938 |
| 700 1# - ADDED ENTRY--PERSONAL NAME | |
| Personal name | Wilson, Jon |
| 9 (RLIN) | 2933 |
| 942 ## - ADDED ENTRY ELEMENTS (KOHA) | |
| Source of classification or shelving scheme | Dewey Decimal Classification |
| Item type | Book - Borrowing |
| Withdrawn status | Item status | Source of classification or shelving scheme | Damaged status | Not for loan | Vendor | Home library | Current library | Shelving location | Date acquired | Source of acquisition | Cost, normal purchase price | Serial Enumeration / chronology | Total Checkouts | Full call number | Barcode | Date last seen | Koha item type |
|---|---|---|---|---|---|---|---|---|---|---|---|---|---|---|---|---|---|
| Dewey Decimal Classification | Alahram | Central Library | Central Library | First floor | 31/03/2009 | 360.00 | 376 | 621.384 CHA | 000015738 | 15/07/2025 | Book - Borrowing |